|
|
|
|
| LEADER |
00000cam a22000004a 4500 |
| 001 |
musev2_69376 |
| 003 |
MdBmJHUP |
| 005 |
20230905051151.0 |
| 006 |
m o d |
| 007 |
cr||||||||nn|n |
| 008 |
080423r20051909ncu o 00 0 eng d |
| 020 |
|
|
|a 9780822386520
|
| 020 |
|
|
|z 9780822335191
|
| 020 |
|
|
|z 9780822335078
|
| 035 |
|
|
|a (OCoLC)1140822383
|
| 040 |
|
|
|a MdBmJHUP
|c MdBmJHUP
|
| 100 |
1 |
|
|a Gilman, Charlotte Perkins,
|d 1860-1935,
|e author.
|
| 245 |
1 |
0 |
|a What Diantha Did /
|c Charlotte Perkins Gilman ; introduction by Charlotte J. Rich.
|
| 264 |
|
1 |
|a Durham :
|b Duke University Press,
|c 2005.
|
| 264 |
|
3 |
|a Baltimore, Md. :
|b Project MUSE,
|c 2020
|
| 264 |
|
4 |
|c ©2005.
|
| 300 |
|
|
|a 1 online resource (198 pages).
|
| 336 |
|
|
|a text
|b txt
|2 rdacontent
|
| 337 |
|
|
|a computer
|b c
|2 rdamedia
|
| 338 |
|
|
|a online resource
|b cr
|2 rdacarrier
|
| 505 |
0 |
|
|a Introduction by Charlotte J. Rich -- Dedication to the Housewife -- I. Handicapped -- II. An Unnatural Daughter -- III. Breakers -- IV. A Crying Need -- V.A Friend in Need -- VI. The Cynosure -- VII. Heresy and Schism -- VIII. "Locked" -- IX. "Sleeping In" -- X. Union House -- XI. The Power of the Screw -- XII. Like a Banyan Tree -- XIII. All This -- XIV. And Heaven Beside.
|
| 520 |
|
|
|a The first novel from Charlotte Perkins Gilman, the author of "The Crux" and "The Yellow Wallpaper."
|
| 588 |
|
|
|a Description based on print version record.
|
| 650 |
|
7 |
|a Women household employees.
|2 fast
|0 (OCoLC)fst01734125
|
| 650 |
|
7 |
|a Women
|x Employment.
|2 fast
|0 (OCoLC)fst01176715
|
| 650 |
|
7 |
|a Businesswomen.
|2 fast
|0 (OCoLC)fst00843013
|
| 650 |
|
7 |
|a FICTION
|x Literary.
|2 bisacsh
|
| 650 |
|
7 |
|a FICTION
|x General.
|2 bisacsh
|
| 650 |
|
6 |
|a Employees de maison
|v Romans, nouvelles, etc.
|
| 650 |
|
0 |
|a Women
|x Employment
|v Fiction.
|
| 650 |
|
0 |
|a Women household employees
|v Fiction.
|
| 650 |
|
0 |
|a Businesswomen
|v Fiction.
|
| 655 |
|
7 |
|a Fiction.
|2 fast
|0 (OCoLC)fst01423787
|
| 655 |
|
7 |
|a Feminist fiction.
|2 fast
|0 (OCoLC)fst01726611
|
| 655 |
|
0 |
|a Feminist fiction.
|
| 655 |
|
7 |
|a Electronic books.
|2 local
|
| 710 |
2 |
|
|a Project Muse.
|e distributor
|
| 830 |
|
0 |
|a Book collections on Project MUSE.
|
| 856 |
4 |
0 |
|z Texto completo
|u https://projectmuse.uam.elogim.com/book/69376/
|
| 945 |
|
|
|a Project MUSE - Custom Collection
|